| 000 | 01132cam a2200337 4500 | ||
|---|---|---|---|
| 008 | 090401t1998 xxu||||| |||| 00| 0 eng d | ||
| 020 | _a0421565403 | ||
| 035 | _a(Sirsi) u62127 | ||
| 041 | _aeng | ||
| 050 | _a347.4109 | ||
| 100 | _aBernstein, Ronald | ||
| 245 | _aHandbook of arbitration practice. | ||
| 250 | _a3rd ed. | ||
| 260 |
_aLondon _bSweet & Maxwell _c1998 |
||
| 260 |
_aLondon _bChartered Institute of Arbitrators _c1998 |
||
| 300 | _axxxviii,1009p. ; 24cm. | ||
| 350 | _a110 | ||
| 520 | _aSuperseded by fourth edition (ISBN 0421757604). | ||
| 650 | _aAGRICULTURAL ARBITRATIONS | ||
| 650 | _aALTERNATIVE DISPUTE RESOLUTION | ||
| 650 | _aARBITRATION ACT 1996 | ||
| 650 | _aMANAGEMENT-DISPUTE AVOIDANCE, MANAGEMENT AND RESOLUTION-DISPUTE MANAGEMENT AND RESOLUTION-ARBITRATION | ||
| 650 | _aMARITIME ARBITRATIONS | ||
| 650 | _aRENT REVIEWS | ||
| 690 | _aMANAGEMENT-DISPUTE AVOIDANCE, MANAGEMENT AND RESOLUTION-DISPUTE MANAGEMENT AND RESOLUTION-ARBITRATION | ||
| 700 | _aTackaberry, John | ||
| 700 | _aMarriott, Arthur L. | ||
| 700 |
_aWood, Derek _xEditor |
||
| 942 | _n0 | ||
| 948 | _c04/03/1997 | ||
| 999 |
_c94373 _d94373 |
||